Computational biology / (Record no. 150700)

MARC details
000 -LEADER
fixed length control field 00662nam a22002057a 4500
005 - DATE AND TIME OF LATEST TRANSACTION
control field 20180706145340.0
010 ## - LCCN (DPL NO)
LC control number ENG-122464
020 ## - INTERNATIONAL STANDARD BOOK NUMBER
International Standard Book Number 9788171394081
Terms of availability 1300.00
035 ## - SYSTEM CONTROL NUMBER
System control number EN-105996
037 ## - SOURCE OF ACQUISITION
Source of stock number/acquisition DBAD/PUB
082 ## - DEWEY DECIMAL CLASSIFICATION NUMBER
Classification number 570.285
100 ## - MAIN ENTRY--PERSONAL NAME
Personal name Haojam Rocky Singh
245 ## - TITLE STATEMENT
Title Computational biology /
Statement of responsibility, etc by Haojam Rocky Singh [and] Mohd. Azharul Haque
260 ## - PUBLICATION, DISTRIBUTION, ETC. (IMPRINT)
Place of publication, distribution, etc New Delhi
Name of publisher, distributor, etc Jnanada Prakashan (P&D)
Date of publication, distribution, etc 2016
270 ## - ADDRESS
Address 4837/2, 24, Ansari Road, Daryaganj,
City New Delhi
Postal code 110002
300 ## - PHYSICAL DESCRIPTION
Extent 387p.
Other physical details ill.
Dimensions 21cm(Hb)
500 ## - GENERAL NOTE
General note Include bibliography [and] index
700 ## - ADDED ENTRY--PERSONAL NAME
Dates associated with a name Mohd. Azharul Haque
942 ## - ADDED ENTRY ELEMENTS (KOHA)
Source of classification or shelving scheme Dewey Decimal Classification
Item type English Books
Call number suffix HAO
Classification part 570.285
Holdings
Withdrawn status Lost status Not for loan Collection code Home library Current library Date acquired Source of acquisition Cost, normal purchase price Full call number Barcode Copy number Cost, replacement price Koha item type
    Not For Loan Non-fiction D.B.Act.Division Patel Nagar 03/04/2018 DBAD/PUB 1300.00 570.285HAO EN-105996 1 1300.00 English Books

© Delhi Public Library
Hit Counter
free hit counter